| 000 | 01109nam a22002777a 4500 | ||
|---|---|---|---|
| 005 | 20080905121451.0 | ||
| 008 | 110608t xxu||||| |||| 00| 0 hin d | ||
| 010 | _aHIN-92930 | ||
| 020 |
_c250.00 _a9788176672498 |
||
| 035 | _aHN-65276 | ||
| 037 | _bDBAD / PUB | ||
| 040 |
_aDPL _bHN |
||
| 082 | _aउ | ||
| 100 |
_928442 _aगुप्त, वीरेन्द्र कुमार |
||
| 245 |
_aजीवन के सात रंग / _cवीरेन्द्र कुमार गुप्त |
||
| 246 |
_aJeevan ke saat rang _bby Virendra Kumar Gupt |
||
| 260 |
_aदिल्ली _bभावना प्रकाशन _c2010 |
||
| 270 |
_a109-ए, पटपड़गंज _bदिल्ली _e110091 _k22756734 |
||
| 300 |
_a159पृ _c22सेमी (सजिल्द) |
||
| 650 | _928443 | ||
| 650 | _928455 | ||
| 700 | _928521 | ||
| 700 | _928536 | ||
| 942 |
_adpl _cHN _2ddc _mगुप्तवी _hउ |
||
| 999 |
_c52917 _d52917 |
||